Music Quiz

Random Music or Song Quiz

30 in 60: Music Artists II Quiz Stats

Quiz Updated Sep 12, 2016

Challenge
Share
Tweet
Embed
Score 0/30 Timer 01:00
3 Plays Today
% Correct
Britney Spears
78%
Bee Gees
74.9%
Elvis Presley
73.7%
AC|DC
70%
Oasis
67.9%
OutKast
66.4%
Katy Perry
65.7%
Marvin Gaye
65.6%
Eminem
65.4%
Phil Collins
64.9%
The White Stripes
60.3%
'N Sync
59.7%
Kanye West
59.2%
blink-182
55.1%
Aretha Franklin
54.9%
% Correct
David Bowie
52.6%
Train
51.1%
Creedence Clearwater Revival
50.5%
Pearl Jam
48.9%
Taylor Swift
47.8%
Gorillaz
47.5%
Kings of Leon
47%
Notorious B.I.G.
38.7%
ZZ Top
38.2%
Dave Matthews Band
37.5%
Sublime
35.1%
Weezer
34.8%
Red Hot Chili Peppers
33.1%
2Pac
32.7%
Third Eye Blind
26.5%

You're not logged in!

Compare scores with friends on all Sporcle quizzes.
Sign Up with Email
OR
Log In

You Might Also Like...

Show Comments

Extras

Top Quizzes Today


Score Distribution

Your Account Isn't Verified!

In order to create a playlist on Sporcle, you need to verify the email address you used during registration. Go to your Sporcle Settings to finish the process.